00278nam a2200109Ia 450000500170000000800410001710000180005824500540007626000100013030000110014065000170015120260328104308.0260328s9999||||xx |||||||||||||| ||und|| aBroto, Carles 0aOficinas Innovación y Diseño /cCarles Broto bLinks a294 p. aFOTOGRAFÍA